000 00811nam a2200253 i 4500
003 DO-SdBNP
005 20260218080528.0
007 ta
008 260218b2021 dr c|||| |||| 00| 0 spa d
040 _aDO-SdBNP
_bspa
_cBNPHU
_erda
041 _aspa
082 4 _axxx
_bxxx
_222
245 0 0 _aCancioneros de la joya Oscar Olmo :
_bsus canciones /
_crecopilación, Juan Lulio Blanchard
250 _aprimera edición
264 4 _aSanto Domingo :
_bFundación Pro Educación y Cultura,
_c©2021.
300 _a80 páginas :
_bretratos ;
_c21 cm.
336 _atexto
_btxt
_2rdacontent
337 _asin mediación
_bn
_2rdamedia
338 _avolumen
_bnc
_2rdacarrier
590 _aInventariado, 2026/BT
700 _aBlanchard, Juan Lulio.
_erecopilador
_4rec.
_943061
910 _aBtavárez
942 _2ddc
_cLBS1
999 _c60348
_d60348